Music listening today / (Record no. 9491)
[ view plain ]
| 000 -LEADER | |
|---|---|
| fixed length control field | 00828pam a2200253 a 4500 |
| 001 - CONTROL NUMBER | |
| control field | 4508470 |
| 003 - CONTROL NUMBER IDENTIFIER | |
| control field | SISC |
| 005 - DATE AND TIME OF LATEST TRANSACTION | |
| control field | 20160316141838.0 |
| 008 - FIXED-LENGTH DATA ELEMENTS--GENERAL INFORMATION | |
| fixed length control field | 980824s1999 cauam 001 0 eng |
| 010 ## - LIBRARY OF CONGRESS CONTROL NUMBER | |
| LC control number | 98042563 |
| 020 ## - INTERNATIONAL STANDARD BOOK NUMBER | |
| International Standard Book Number | 9780534513603 |
| 040 ## - CATALOGING SOURCE | |
| Original cataloging agency | DLC |
| Transcribing agency | DLC |
| Modifying agency | DLC |
| 050 00 - LIBRARY OF CONGRESS CALL NUMBER | |
| Classification number | M T6 .H 565 |
| Item number | .M87 1998 |
| 082 00 - DEWEY DECIMAL CLASSIFICATION NUMBER | |
| Classification number | HS 781.17 |
| Item number | H67 1998 |
| 100 1# - MAIN ENTRY--PERSONAL NAME | |
| Personal name | Hoffer, Charles R. |
| 9 (RLIN) | 13820 |
| 245 10 - TITLE STATEMENT | |
| Title | Music listening today / |
| Statement of responsibility, etc | by Charles R. Hoffer. |
| 260 ## - PUBLICATION, DISTRIBUTION, ETC. (IMPRINT) | |
| Place of publication, distribution, etc | Belmont, CA : |
| Name of publisher, distributor, etc | Wadsworth Pub. Co., |
| Date of publication, distribution, etc | c1999. |
| 300 ## - PHYSICAL DESCRIPTION | |
| Extent | 362 p. : |
| Other physical details | ill. (some col.) ; |
| Dimensions | 28 cm. |
| Accompanying material | 2 sound discs (digital ; 4 3/4 in.) |
| 650 #0 - SUBJECT ADDED ENTRY--TOPICAL TERM | |
| Topical term or geographic name as entry element | Music appreciation. |
| 9 (RLIN) | 12804 |
| 906 ## - LOCAL DATA ELEMENT F, LDF (RLIN) | |
| a | 7 |
| b | cbc |
| c | orignew |
| d | 1 |
| e | ocip |
| f | 19 |
| g | y-gencatlg |
| 942 ## - ADDED ENTRY ELEMENTS (KOHA) | |
| Source of classification or shelving scheme | Library of Congress Classification |
| Koha item type | Books |
| Withdrawn status | Lost status | Source of classification or shelving scheme | Damaged status | Home library | Current library | Shelving location | Date acquired | Total Checkouts | Full call number | Barcode | Date last seen | Date checked out | Copy number | Price effective from | Koha item type |
|---|---|---|---|---|---|---|---|---|---|---|---|---|---|---|---|
| Library of Congress Classification | Luxembourg Library | Luxembourg Library | High School Section | 08/27/2013 | 1 | MT 6.H565 .M87 1998 | 7754 | 12/02/2019 | 11/13/2019 | 1 | 10/03/2013 | Books |